000 00423 a2200157 4500
999 _c249
_d249
020 _a034085989X
050 _aBF121 HAY 2003
100 _aHayes, Nicky
_eauthor
245 _aPsychology /
_cNicky Hayes
264 _aLondon :
_bHodder Headline,
_c2003
300 _avi, 290p. :
440 _aTeach yourself
500 _aIncludes bibliographical references and index
650 _aPsychology
942 _2lcc
_cBK
_h121
_iHAY
_kBF